Steelwork today (Record no. 91446)

MARC details
000 -LEADER
fixed length control field 00555cam a2200229 4500
001 - CONTROL NUMBER
control field B1381
008 - FIXED-LENGTH DATA ELEMENTS--GENERAL INFORMATION
fixed length control field 090401t1985 xxu||||| |||| 00| 0 eng d
035 ## - SYSTEM CONTROL NUMBER
System control number (Sirsi) u44139
041 ## - LANGUAGE CODE
Language code of text/sound track or separate title eng
050 ## - LIBRARY OF CONGRESS CALL NUMBER
Classification number 693.71
100 ## - MAIN ENTRY--PERSONAL NAME
Personal name Allen, P.H.
245 ## - TITLE STATEMENT
Title Steelwork today
260 ## - PUBLICATION, DISTRIBUTION, ETC.
Place of publication, distribution, etc. Ascot,Berks
Name of publisher, distributor, etc. Chartered Institute of Building
Date of publication, distribution, etc. 1985
300 ## - PHYSICAL DESCRIPTION
Extent 7p. : ill. ; 30cm.
350 ## - PRICE (NR) (BK AM CF MU VM SE) [OBSOLETE]
Price 2
490 ## - SERIES STATEMENT
Series statement Technical Information Service
Volume/sequential designation 51
650 ## - SUBJECT ADDED ENTRY--TOPICAL TERM
Topical term or geographic name entry element FIRE
650 ## - SUBJECT ADDED ENTRY--TOPICAL TERM
Topical term or geographic name entry element STEEL
650 ## - SUBJECT ADDED ENTRY--TOPICAL TERM
Topical term or geographic name entry element STRUCTURAL STEELWORK
942 ## - ADDED ENTRY ELEMENTS (KOHA)
Suppress in OPAC 0
948 ## - LOCAL PROCESSING INFORMATION (OCLC); SERIES PART DESIGNATOR (RLIN)
c (OCLC) 04/03/1997
Holdings
Withdrawn status Lost status Source of classification or shelving scheme Damaged status Not for loan Home library Current library Shelving location Date acquired Cost, normal purchase price Total Checkouts Full call number Barcode Date last seen Date last checked out Copy number Cost, replacement price Price effective from Koha item type
    Dewey Decimal Classification     London London Enquiry desk 07/12/1992 2.00 1 BOXED SET 30030962 06/08/2019 12/01/2004 1 2.00 06/08/2019 Book